000 00279nam a2200121Ia 4500
008 220204s9999 xx 000 0 und d
082 _a82-3
_bHAY
100 _aCournos, J
245 0 _aWorld of great stories
260 _aNew York
_bArenal
700 _aHaydon, H
942 _cBK
999 _c34235
_d34235